| 000 | 00368nam a2200145Ia 4500 | ||
|---|---|---|---|
| 008 | 220217s9999||||xx |||||||||||||| ||und|| | ||
| 020 | _a81-203-1304-6 | ||
| 082 | _a004.6 BRY | ||
| 100 |
_aBryce, James, Y _91951 |
||
| 245 | 0 | _aUsing ISDN | |
| 250 | _a2nd | ||
| 260 |
_aPrentice hall of india _bNew Delhi _c1998 |
||
| 300 | _b225 | ||
| 650 | _aCOMPUTER NETWORK | ||
| 999 |
_c167845 _d167845 |
||